Disney Characters beginning with N - Statistics

General Stats
  • This quiz has been taken 5 times
  • The average score is 2 of 20
Answer Stats
Answer % Correct
Nala
100%
Nana
33%
Nuka
33%
Nakoma
0%
Nancy Tremaine
0%
Nani Pelekai
0%
Nanny
0%
Napoleon the Bloodhound
0%
Nasira
0%
Nathaniel
0%
Natives
0%
Ned the Baboon
0%
Neera
0%
Negaduck
0%
Nessus
0%
Nibs
0%
Nicholas 'Nick' P Wilde
0%
Nita
0%
Nurse Mouse
0%
Nutsy the Vulture
0%
No matching quizzes found
Score Distribution
Percent of People with Each Score
Percentile by Number Answered
Your Score History
You have not taken this quiz